000 01408cam a22002054a 4500
005 20250605164048.0
008 250528s ||||||||||||||||||||||||d
035 _a17195
020 _a139162631
040 _aGR-AtMCL
_bgre
_dGR-AtMCL
_eAACR2
245 1 _aThe European Union / History, Institutions, Economics and Policies
250 _a5th
260 _bPrentice Hall Europe,
_c1998
300 _a626
520 _aA comprehensive guide to the history, institutions, economic, and policies of the European Union. Preface, List of Abbreviations, General Introduction, Historical and Institutional and Statistical Background, History and Institutions of the EU, The Basic Statistics of the EU, Theory and Measurement, The Theory of Economic Integration, European Monetary Integration, Measuring the Impact of Economic Integration, The Economics of the Single Market, Major EU Policies, EU Competition Policy, EU Industrial Policy, The Common Agricultural Policy, The Common Fisheries Policy, EU Transport Policy, EU Energy Policy, Tax Harmonization, The General Budget, The European Monetary System, EU Regional Policy, EU Social Policies, EU Environmental Policy, Factor Mobility, EU External Trade Policy, The Lome Agreement, EU Enlargement, Conclusions, The Development of the EU, The Future of the EU.
700 1 _aAgraa-El M. Ali
_93354
942 _cBK
999 _c2629
_d2629